000 00809cam a22002531 4500
001 af 47002030
003 DLC
005 20260227110811.0
008 840405s1944 it a 000 0 ita c
010 _aaf 47002030
035 _a(OCoLC)10595647
040 _aIllinois. Univ. Library
_cNhD
_dDLC
050 0 0 _aPQ4835.A28
_bR6 1944
082 _a851.8
100 1 _aPascarella, Cesare,
_d1858-1940.
245 1 0 _aRomano de passaggio,
_ca cura di Gustavo Brigante Colonna.
260 _aRoma,
_bO.E.T.
_c[1944?]
300 _a146 p., 1 l.
_billus.
_c20 cm.
490 0 _aVetrina italiana,
_v8
500 _aAt head of title: Pascarella.
500 _a"I disegni del testo e della copertina sono di Cesare Pascarella."
500 _aPoems.
700 1 _aBrigante Colonna Angelini, Gustavo,
_d1878-1956,
_eed.
999 _c1516
_d1516